000 00486nam a2200169 4500
001 137620
003 ES-MaACL
005 20230906195417.0
007 t|
008 070214s1980 sp r ||||1| spa d
100 1 _aSalazar Rincón, Javier.
_9101829
245 1 0 _aFray Luis de León y Cervantes /
_cpor Javier Salazar Rincón.
260 _aMadrid :
_bInsula,
_c1980.
300 _a85 p. ;
_c21 cm.
852 _aES-MaACL
_jL-1654
_bR.100702
852 _aES-MaACL
_jL-1656
_bR.100696
999 _c137620
_d137620